000 01627cam a2200337 a 4500
001 12987642
003 OSt
005 20210414113857.0
008 021031s2004 ohua b 001 0 eng
010 _a 2002115318
020 _a0324163703
035 _a(DLC) 2002115318
040 _aDLC
_cDLC
_dDLC
042 _apcc
050 0 0 _aHB171.5.A695 2004
082 0 0 _a330
_221
100 1 _aArnold, Roger A.
245 1 0 _aEconomics /
_cRoger A. Arnold.
250 _a6th ed.
260 _aMason, Ohio :
_bThomson/South-Western,
_cc2004.
300 _axxv, [21], 858 p. :
_bcol. ill. ;
_c28 cm.
504 _aIncludes bibliographical references and index.
505 _aContents: Economics: The science of scarcity -- Macroeconomics fundamentals -- Macroeconomics stability, instability and fiscal policy -- Money,the economy and monetary policy -- Expectations and growth -- Microeconomic fundamentals -- Product markets and policies -- Factor markets and policies -- Factor markets and related issues -- Market failure and public choice -- International economics: Theory and policy.
650 0 _aEconomics.
856 4 2 _3Contributor biographical information
_uhttp://www.loc.gov/catdir/enhancements/fy1104/2002115318-b.html
856 4 2 _3Publisher description
_uhttp://www.loc.gov/catdir/enhancements/fy1104/2002115318-d.html
856 4 1 _3Table of contents only
_uhttp://www.loc.gov/catdir/enhancements/fy1104/2002115318-t.html
906 _a7
_bcbc
_corignew
_d3
_eepcn
_f20
_gy-gencatlg
942 _2lcc
_cBK
999 _c252
_d7752